000 00907nam a2200241 a 4500
001 000020038
003 AM-YEHGA
005 20250618070816.0
008 980617s1983 ai |||||||||||||||||arm|d
040 _aAM-YeHGA
041 0 _aarm
100 1 _aՀովհաննիսյան, Հովհաննես Մկրտչի,
_d1864-1929
_93945
245 1 0 _aԵրկեր /
_cՀովհ. Հովհաննիսյան, Ա. Ծատուրյան ; Կազմ.՝ Օ. Պապոյան.
260 _aԵրևան :
_bԼույս,
_c1983.
300 _a240 էջ ;
_c21 սմ.
440 0 _aԴպրոցական գրադարան
_95151
504 _aՏողատակի ծանոթագր.
650 1 4 _aՀայ գրականություն
700 1 _aԾատուրյան, Ալեքսանդր Հովսեփի,
_d1865-1917
_91663
700 1 _aՊապոյան, Օկտյաբրինա Համբարձումի.
_eկազմ.
_4com
942 _cBK
_01
090 _c7129
999 _c7085
_d7085